000 01169cad a22002415a 4500
001 L146984
008 090319s2009 xxk f lf000 0 eng d
035 _a(Sirsi) u146985
041 0 _aeng
110 2 _aUnited Kingdom
_kLaws, etc.
_95044
245 0 4 _aThe Housing (Purchase of Equitable Interests) (England) Regulations 2009
_h[electronic resource]
260 _aLondon
_bOPSI
_c2009
490 0 _aSI
_v(601) 2009
520 _aRegulations which give a housing authority, as landlord of a flat under a long lease, the power (with the agreement of the tenant) to buy an equitable interest in the flat in order to help the tenant meet the costs of service charge payments which are due to the landlord in respect of repairs and improvements.
520 _aComes into force 6 April 2009.
521 _aAdvanced
590 _aKA
650 2 4 _aHOUSING (PURCHASE OF EQUITABLE INTERESTS) (ENGLAND) REGULATIONS 2009
651 4 _aEngland
_y886-
690 _aPROPERTY-LEASEHOLD PROPERTY-LANDLORD AND TENANT-SERVICE CHARGES
856 4 0 _uhttps://www.opsi.gov.uk/si/si2009/uksi_20090601_en_1
_zView the item free of charge online at www.opsi.gov.uk...
942 _n0
999 _c109378
_d109378